000 00749nam a2200289Ia 4500
001 2509
003 IT-RoPAU
008 130308s9999 xx 000 0 und d
040 _aIT-RoPAU
040 _cIT-RoPAU
041 _aITALIANO
100 _aMiccichè Lino
100 _gCodice Aut. SPICS: 3798
245 _aCadavere nell'armadio (Il)
245 _bCinema Italiano sotto Il Fascismo
250 _a1a ed.
260 _aVENEZIA
260 _bMarsilio
260 _c1979 [1° Ed.:1979 - Ed.Ling.Originale:1979]
300 _a"10 p. (prefazione: no ; testo: 10 [pagine: 9-18])"
650 _aSTORIA NAZIONALE DEL CINEMA
650 _eCodice materia Spics: 6809
942 _cBK
957 _71
999 _c53849
_d53849
999 _bSI
999 _g1